Southville International School and Colleges
Your cart is empty.
  • Cart
  • Lists
    Public lists Eva Luna New books Lux_list list_1
    Your lists Log in to create your own lists
  • Log in to your account
  • Your cookies
  • Search history
Southville International School and Colleges
  • Advanced search
  • Recent comments
  • Most popular
  • Libraries

Log in to your account

Log in with GOOGLE


If you do not have an external account, but do have a local account, you can still log in:

  1. Home
  2. MARC view: Duncan & Dolores /
Normal view MARC view ISBD view

Duncan & Dolores / (Record no. 102664)

[ view plain ]
MARC details
000 -LEADER
fixed length control field 00567nam a2200169 a 4500
005 - DATE AND TIME OF LATEST TRANSACTION
control field 20140412111240.0
008 - FIXED-LENGTH DATA ELEMENTS--GENERAL INFORMATION
fixed length control field 010710s19uu xx 00 eng d
020 ## - INTERNATIONAL STANDARD BOOK NUMBER
International Standard Book Number 0-689-71294-4
050 ## - LIBRARY OF CONGRESS CALL NUMBER
Classification number ER
Item number Du85 1989
100 ## - MAIN ENTRY--PERSONAL NAME
Personal name Samuels, Barbara
245 ## - TITLE STATEMENT
Title Duncan & Dolores /
Statement of responsibility, etc by Barbara Samuels.
260 ## - PUBLICATION, DISTRIBUTION, ETC. (IMPRINT)
Place of publication, distribution, etc New York :
Name of publisher, distributor, etc Macmillan Publishing Company,
Date of publication, distribution, etc 1986.
300 ## - PHYSICAL DESCRIPTION
Extent 1v. (unp.) ; ill.
520 ## - SUMMARY, ETC.
Summary, etc Dolores learns to curb some of her more smothering tendencies and wins the affection of her new pet cat, Duncan.
650 ## - SUBJECT ADDED ENTRY--TOPICAL TERM
Topical term or geographic name as entry element Cats-Fiction
Holdings
Withdrawn status Lost status Damaged status Use restrictions Home library Current library Shelving location Date acquired Source of acquisition Total Checkouts Full call number Barcode Date last seen Price effective from Koha item type
        Elizalde Library Elizalde Library Easy Reading Section 07/10/2001     ER Du85 1989 E2405 04/12/2014 04/12/2014 Books

Duncan & Dolores /

APA

Samuels B., . (1986). Duncan & Dolores. New York: Macmillan Publishing Company.

Chicago

Samuels Barbara, . 1986. Duncan & Dolores. New York: Macmillan Publishing Company.

Harvard

Samuels B., . (1986). Duncan & Dolores. New York: Macmillan Publishing Company.

MLA

Samuels Barbara, . Duncan & Dolores. New York: Macmillan Publishing Company. 1986.

  • Place hold
  • Print
  • Cite
  • Add to your cart (remove)
  • Save record
    BIBTEX Dublin Core MARCXML MARC (non-Unicode/MARC-8) MARC (Unicode/UTF-8) MARC (Unicode/UTF-8, Standard) MODS (XML) RIS
  • More searches
    Search for this title in:
    Other Libraries (WorldCat) Other Databases (Google Scholar) Online Stores (Bookfinder.com) Open Library (openlibrary.org)

Exporting to Dublin Core...

SOUTHVILLE LIBRARY

Southville International School and Colleges Library

1281 Tropical Ave. Cor. Luxembourg St., BF Homes International, Las Pinas City

Tel. No. 8256374 / 252358 Loc. 117/146

Powered by Koha